| 000 | 00546nam a22002057a 4500 | ||
|---|---|---|---|
| 003 | OSt | ||
| 005 | 20160815145020.0 | ||
| 008 | 160815b xxu||||| |||| 00| 0 eng d | ||
| 020 | _a0130858501 | ||
| 040 | _cDDC. | ||
| 082 | _a005.73FOR 2002 | ||
| 100 |
_aWilliam,Ford;topp,William; _910653 |
||
| 245 | _aData Structures with C++ Using STL | ||
| 250 | _a2nd ed | ||
| 260 |
_aNew Jersey: _bPrentice Hall; _c2002. |
||
| 300 |
_axxi,1035p; _bill; _c26cm. |
||
| 504 | _aincludes index. | ||
| 650 |
_aData Structures. _910654 |
||
| 942 |
_2ddc _cO_SHELF |
||
| 999 |
_c4978 _d4978 |
||